00498nam a22001577a 450000500170000000800410001702000170005804100130007508200150008810000120010324501000011525000190021526000560023430000250029065000250031520231116062920.0231116b |||||||| |||| 00| 0 eng d a922103710 X  aEnglish  a344.1 INT  lEnglish aInternational Labour Standards on Vocational Rehabilitation : bGuide-lines for Implementation  aFirst Edition  aGeneva :bInternational Labour Organisation, c1984 b33 pages ; c25 cm.  aLegal practice bLaw